| 000 | 00850 a2200217 4500 | ||
|---|---|---|---|
| 999 |
_c3913 _d3913 |
||
| 020 | _a013432840X | ||
| 050 | 0 | 0 | _aLB1775.2 GRE 1997 |
| 100 | 1 |
_aGreenwood, Gordon E., _d1935- _eauthor |
|
| 245 | 1 | 0 |
_aProfessional core cases for teacher decision-making / _cGordon E. Greenwood, H. Thompson Fillmer. |
| 264 |
_aUpper Saddle River, _bMerrill, _c1997 |
||
| 300 |
_axviii, 364 p. : _bill. |
||
| 500 | _aincludes index | ||
| 504 | _aIncludes bibliographical references. | ||
| 650 | 0 |
_aTeachers _xDecision making _xCase studies. |
|
| 650 | 0 |
_aClassroom management _xCase studies. |
|
| 650 | 0 |
_aCurriculum planning _xCase studies. |
|
| 650 | 0 |
_aTeaching _xCase studies. |
|
| 700 | 1 |
_aFillmer, H. Thompson, _d1932- |
|
| 942 |
_2lcc _cBK _h1775.2 _iGRE _kLB |
||